000 00654nam a2200277Ia 4500
005 20260324123733.0
008 008 260324s9999 xx 000 0 eng d
020 _a9780429065811
037 _aEBOOK
040 _aCRL
040 _beng
040 _cCRL
041 _2eng
041 _aeng
084 _qCRL
100 _aPoompat Saengudomlert
_91171461
245 0 _aOptimization for Communications and Networks
260 _bTaylor and Francis
260 _c2011
365 _a
365 _b225
856 _uhttp://www.taylorfrancis.com/books/9780429065811
942 _cEBOOK
999 _c1765227
_d1765227